[Event "Ruhrgebiet Regionalliga 1617"]
[Site "Germany"]
[Date "2016.11.06"]
[Round "3.5"]
[White "Boehm, Juergen1111"]
[Black "Poetter, Clemens"]
[Result "0-1"]
[WhiteElo "2124"]
[BlackElo "1967"]
[PlyCount "136"]
[EventDate "2016.09.11"]
[EventType "team-tourn"]
[EventRounds "9"]
[EventCountry "GER"]
[SourceTitle "EXT 2022"]
[Source "ChessBase"]
[SourceDate "2021.10.06"]
[SourceVersion "1"]
[SourceVersionDate "2021.10.06"]
[SourceQuality "1"]
[WhiteTeam "Brackel SF"]
[BlackTeam "Borbeck Weisse Dame"]
[WhiteTeamCountry "GER"]
[BlackTeamCountry "GER"]

1. d4 Nf6 2. Bg5 c5 3. Nc3 cxd4 4. Qxd4 Nc6 5. Qh4 Qa5 6. 0-0-0 d6 7. e4 Be6 8. a3 Rc8 9. Bxf6 gxf6 10. f4 f5 11. Bb5 Bg7 12. Nge2 a6 13. exf5 Bf6 14. Qh5 Bd7 15. Bc4 Nd8 16. Rd5 Qb6 17. Bb3 Bc6 18. Rhd1 Bxc3 19. Nxc3 Bxd5 20. Nxd5 Qxb3 21. Qe2 e6 22. fxe6 fxe6 23. Ne3 Qb5 24. Qe1 0-0 25. Rxd6 Kh8 26. g3 Rc6 27. c4 Qh5 28. Qc3+ Kg8 29. Rd7 Qg6 30. Qd4 Rc8 31. f5 Qf6 32. Qd3 exf5 33. Nd5 Qg5+ 34. Kb1 Nc6 35. Rxb7 Rce8 36. Rc7 Ne5 37. Qd4 Rf7 38. Rxf7 Kxf7 39. Qa7+ Kg8 40. Qxa6 Nd7 41. Qc6 Re1+ 42. Ka2 Nf8 43. a4 Re6 44. Qc8 Qd2 45. Qd8 Qc2 46. Nc3 Qf2 47. Qd5 Kg7 48. a5 Qe3 49. Qxf5 Re5 50. Qg4+ Rg5 51. Nd5 Qd2 52. Qe4 Qxa5+ 53. Kb1 Qc5 54. h4 Qg1+ 55. Ka2 Qa7+ 56. Kb1 Qg1+ 57. Ka2 Qa7+ 58. Kb1 Rg6 59. Qe5+ Kf7 60. Qf5+ Kg8 61. Nf6+ Kh8 62. g4 Qf7 63. g5 Qe6 64. Qf4 Nd7 65. Nh5 Qe1+ 66. Qc1 Qxh4 67. Qc3+ Kg8 68. Qf3 Qxg5 0-1

[Event "Ruhrgebiet Regionalliga 1213"]
[Site "Nordrheinwestfalen"]
[Date "2013.04.14"]
[Round "8.8"]
[White "Balke, Heinrich Christian"]
[Black "Poetter, Clemens"]
[Result "0-1"]
[WhiteElo "1846"]
[BlackElo "2022"]
[PlyCount "76"]
[EventDate "2012.09.09"]
[EventType "team-tourn"]
[EventRounds "9"]
[EventCountry "GER"]
[SourceTitle "EXT 2020"]
[Source "ChessBase"]
[SourceDate "2019.10.17"]
[SourceVersion "1"]
[SourceVersionDate "2019.10.17"]
[SourceQuality "1"]
[WhiteTeam "Recklinghausen Laeufer Ost"]
[BlackTeam "Weisse Dame Borbeck"]
[WhiteTeamCountry "GER"]
[BlackTeamCountry "GER"]

1. e4 c6 2. d4 d5 3. e5 Bf5 4. Bd3 Bxd3 5. Qxd3 e6 6. Nf3 Qb6 7. 0-0 Qa6 8. Qxa6 Nxa6 9. a3 c5 10. c3 Ne7 11. Nh4 cxd4 12. cxd4 Nc6 13. Be3 Be7 14. Nf3 Nc7 15. Nbd2 a5 16. a4 Na6 17. Rfc1 Nab4 18. Rc3 Kd7 19. Nb3 b6 20. Ne1 Rac8 21. Nc2 Nxc2 22. Rxc2 Nb4 23. Rxc8 Rxc8 24. Rc1 Nd3 25. Rxc8 Kxc8 26. Bc1 b5 27. Bd2 bxa4 28. Nxa5 Nxb2 29. Nc6 Kd7 30. Nxe7 Kxe7 31. Bc3 Nc4 32. Kf1 Kd7 33. Ke2 Kc6 34. Kd3 Kb5 35. Kc2 Na5 36. Kb2 Nb3 37. Ka3 Kc4 38. Bb2 Nxd4 0-1

[Event "Ruhrgebiet Regionalliga 0910"]
[Site "Germany"]
[Date "2010.01.18"]
[Round "5.4"]
[White "Poetter, Clemens"]
[Black "Kropp, Andreas Juergen"]
[Result "1/2-1/2"]
[WhiteElo "2018"]
[BlackElo "1980"]
[PlyCount "45"]
[EventDate "2009.09.06"]
[EventType "team-tourn"]
[EventRounds "9"]
[EventCountry "GER"]
[SourceTitle "EXT 2011"]
[Source "ChessBase"]
[SourceDate "2010.11.26"]
[SourceVersion "1"]
[SourceVersionDate "2010.11.26"]
[SourceQuality "1"]
[WhiteTeam "Borbeck Weisse Dame"]
[BlackTeam "Dortmund Hansa III"]
[WhiteTeamCountry "GER"]
[BlackTeamCountry "GER"]

1. d4 Nf6 2. Nf3 d6 3. c4 Bg4 4. Nbd2 Nbd7 5. h3 Bh5 6. Qb3 Rb8 7. e4 e5 8. Qe3 a6 9. Be2 Be7 10. 0-0 0-0 11. Rd1 exd4 12. Nxd4 Bxe2 13. Qxe2 Re8 14. Nf1 Bf8 15. Ng3 Nc5 16. f3 g6 17. b4 Ncd7 18. Nb3 Qe7 19. Bb2 Bg7 20. Rac1 b6 21. Nd4 Ra8 22. Nc6 Qe6 23. Nd4 1/2-1/2

[Event "Ruhrgebiet VK2 0304"]
[Site "Ruhrgebiet"]
[Date "2003.11.30"]
[Round "4.3"]
[White "Dorgarten, Armin"]
[Black "Poetter, Clemens"]
[Result "0-1"]
[WhiteElo "1934"]
[BlackElo "2004"]
[PlyCount "108"]
[EventDate "2003.09.28"]
[EventType "team"]
[EventRounds "9"]
[EventCountry "GER"]
[SourceTitle "EXT 2007"]
[Source "ChessBase"]
[SourceDate "2006.11.23"]
[SourceVersion "1"]
[SourceVersionDate "2006.11.23"]
[SourceQuality "1"]
[WhiteTeam "Ruettenscheid Rochade"]
[BlackTeam "Essen Borbeck II"]
[WhiteTeamCountry "GER"]
[BlackTeamCountry "GER"]

1. Nf3 Nf6 2. g3 g6 3. b4 Bg7 4. Bb2 0-0 5. Bg2 d6 6. 0-0 e5 7. d3 Re8 8. e4 Nbd7 9. Nbd2 c6 10. Re1 Qc7 11. c4 h5 12. Qc2 c5 13. b5 Nf8 14. Nf1 Ne6 15. Bc1 Bd7 16. Bd2 Qc8 17. h3 Nh7 18. Kh2 Bf6 19. Ne3 Bd8 20. h4 Nf6 21. a4 a5 22. Rf1 b6 23. Qd1 Ra7 24. Ra2 Ng7 25. Ng1 Ng4+ 26. Nxg4 hxg4 27. f3 gxf3 28. Qxf3 Bg4 29. Qe3 Qe6 30. Bh3 Nh5 31. Bc1 Nf6 32. Qf3 Bxh3 33. Nxh3 Ng4+ 34. Kg2 f6 35. Nf2 Nxf2 36. Kxf2 Rf7 37. g4 f5 38. gxf5 gxf5 39. Rg1+ Kf8 40. exf5 Rxf5 41. Bh6+ Kf7 42. Rg7+ Kf6 43. Qxf5+ Qxf5+ 44. Kg2 Ke6 45. Rf2 Qh5 46. Bg5 Qg4+ 47. Kf1 Bxg5 48. hxg5 Re7 49. Rf6+ Kd7 50. Rgg6 Qh3+ 51. Ke2 Qh2+ 52. Ke3 e4 53. Rxd6+ Qxd6 54. Rxd6+ Kxd6 0-1